Ethnicity, identity and the state in South Asia (Record no. 2636)

MARC details
000 -LEADER
fixed length control field 00506nam a2200181Ia 4500
020 ## - INTERNATIONAL STANDARD BOOK NUMBER
ISBN 81-7003-256-3
082 ## - DEWEY DECIMAL CLASSIFICATION NUMBER
Classification number 305.800954 ETH;
245 #0 - TITLE STATEMENT
Title Ethnicity, identity and the state in South Asia
260 ## - PUBLICATION, DISTRIBUTION, ETC. (IMPRINT)
Place of publication New Delhi
Name of publisher South Asian Publishers
Year of publication 2001
300 ## - PHYSICAL DESCRIPTION
Number of Pages 345p.
504 ## - BIBLIOGRAPHY, ETC. NOTE
Bibliography, etc Includes index
650 ## - SUBJECT ADDED ENTRY--TOPICAL TERM
Topical Term Ethnicity - South Asia
650 ## - SUBJECT ADDED ENTRY--TOPICAL TERM
Topical Term South Asia - Ethnic relations - Political aspects
650 ## - SUBJECT ADDED ENTRY--TOPICAL TERM
Topical Term Essays
650 ## - SUBJECT ADDED ENTRY--TOPICAL TERM
Topical Term Ethnology - South Asia
700 ## - ADDED ENTRY--PERSONAL NAME
Personal name Azam, Kousar J.
942 ## - ADDED ENTRY ELEMENTS (KOHA)
Koha item type Books
Holdings
Withdrawn status Lost status Damaged status Not for loan Home library Current library Date acquired Bill Date Full call number Accession Number Price effective from Koha item type
        NASSDOC Library NASSDOC Library 08/06/2004 2004-10-05 305.800954 ETH; 38231 18/04/2019 Books